000 00697cab a2200217 4500
001 WB3421-07
008 090401t1998 xxu||||| |||| 00| 0 eng d
035 _a(Sirsi) u86620
041 _aeng
245 _aTenant`s fury over pre-fab homes future
260 _c1998
350 _a0
490 _aWestern Mail
_v5 June 1998, 11(1)
520 _aThe District Auditor has been asked to investigate a decision by Newport County BC to launch a demolition programme for hundreds of pre-fabricated homes.
650 _aDISTRICT AUDITOR
650 _aNEWPORT COUNTY BC
650 _aPREFABRICATED HOUSES
690 _aBUILT ENVIRONMENT-BUILDING PATHOLOGY
942 _n0
948 _c05/06/1998
999 _c54544
_d54544